|
|
|
|
| LEADER |
00733nta a2200181 i 4500 |
| 001 |
dokt3342 |
| 005 |
20240903112624.0 |
| 008 |
170106s1968 hu om 000 hun d |
| 040 |
|
|
|a SZTE Doktori Repozitórium
|b hun
|
| 041 |
|
|
|a hun
|
| 100 |
2 |
|
|a Kerekes Imréné Nagy Mária
|
| 245 |
1 |
2 |
|a A tanulói személyiség társadalmi aktivitásának pszichológiai vizsgálata - A középiskolai korosztály tanulmányozása alapján
|h [elektronikus dokumentum] /
|c Kerekes Imréné Nagy Mária
|
| 260 |
|
|
|c 1968
|
| 502 |
|
|
|a Disszertacio
|
| 650 |
|
4 |
|a neveléstudományok
|
| 650 |
|
4 |
|a Oktatástudomány
|
| 700 |
0 |
1 |
|a Nincs megadva
|e ths
|
| 856 |
4 |
0 |
|u https://doktori.bibl.u-szeged.hu/id/eprint/3342/1/1968_kerekes_imrene_nagy_marta.pdf
|z Dokumentum-elérés
|